01260nam a2200301Ia 4500001001200000003000800012006001900020007001500039008004100054040002100095035002100116050002700137100001900164245008900183260007700272300002700349490003500376500001700411504004100428533015200469650003600621650004500657655002900702710004800731710001700779830003600796856012600832ebr10380868CaPaEBRm u cr cn|||||||||070319s2006 dcud sb i000 0 eng d aCaPaEBRcCaPaEBR a(OCoLC)69414117014aHD77.5.B55bI36 2006eb1 aIimi, Atsushi.10aDid Botswana escape from the resource curse?h[electronic resource] /cAtsushi Iimi. a[Washington, D.C.] :bInternational Monetary Fund, African Dept.,c2006. a31 p. :bill., charts.1 aIMF working paper ;vWP/06/138 a"June 2006". aIncludes bibliographical references. aElectronic reproduction.bPalo Alto, Calif. :cebrary,d2011.nAvailable via World Wide Web.nAccess may be limited to ebrary affiliated libraries. 0aEconomic developmentzBotswana. 0aNatural resourceszBotswanaxManagement. 7aElectronic books.2local2 aInternational Monetary Fund.bAfrican Dept.2 aebrary, Inc. 0aIMF working paper ;vWP/06/138.40uhttp://site.ebrary.com/lib/rucke/Doc?id=10380868zAn electronic book accessible through the World Wide Web; click to view